000
00307nam a2200121Ia 4500
008
191201s2016 xx 000 0 und d
100
_a
SINGHAL,Sanjay
245
0
_a
UGC-NET/SET Computer Science and Applications
260
_a
N. Delhi
_b
Danika Pub
_c
2016
300
_a
1048
650
_a
MCA
942
_2
ddc
_c
BK
999
_c
6299
_d
6299